New Tools, Methods and Concepts in Production Management and Logistics

Analýza nových výrobných a logistických nástrojov, metód a konceptov v manažmente výroby a logistike vybraného podniku. Kaizen, metóda 5S, štíhla výroba, RFID technológia, metóda FMEA (analýza možných chýb a ich následkov) a metodika Six Sigma. Úlohy moderného manažmentu výroby a logistiky.

Salvato in:
Dettagli Bibliografici
Autore principale: Richnák, Patrik, 1988-
Altri autori: Ďuriš, Erik
Natura: Capitolo di libro
Lingua:slovacco
Soggetti:
Tags: Aggiungi Tag
Nessun Tag, puoi essere il primo ad aggiungerne!!

MARC

LEADER 00000naa$a2200000$$$4500
001 0270010
005 20240521100326.8
041 0 |a slo 
044 |a PL 
245 1 0 |a New Tools, Methods and Concepts in Production Management and Logistics  |c Patrik Richnák, Erik Ďuriš 
520 |a Analýza nových výrobných a logistických nástrojov, metód a konceptov v manažmente výroby a logistike vybraného podniku. Kaizen, metóda 5S, štíhla výroba, RFID technológia, metóda FMEA (analýza možných chýb a ich následkov) a metodika Six Sigma. Úlohy moderného manažmentu výroby a logistiky. 
610 2 0 |a výroba 
610 2 0 |a logistika 
610 2 0 |a produkcia 
610 2 0 |a nástroje výrobné 
610 2 0 |a manažment 
100 1 |a Richnák, Patrik, 1988- 
700 1 |a Ďuriš, Erik